Lone mothers in european welfare regimes: shifting policy logics

Uloženo v:
Podrobná bibliografie
Hlavní autor: Lewis, Jane
Médium: Neznámo
Jazyk:English
Vydáno: Inglaterra : Jessica Kingsley Publishers
Tagy: Přidat tag
Žádné tagy, Buďte první, kdo vytvoří štítek k tomuto záznamu!

MARC

LEADER 00000 a2200000 04500
001 44574
003
008 050619s1997 enk eng d
040
020 |a 1-85302-489-9  
022 |a 1-85302-489-9  
090 |a 0001 L674l  
100 |a Lewis, Jane  
245 |a Lone mothers in european welfare regimes: shifting policy logics  
260 |a Inglaterra :   |b Jessica Kingsley Publishers  
300 |a 214 páginas  
999 |c 11632  |d 11632